Why i am an catholie

Salvato in:
Dettagli Bibliografici
Natura: Libro
Tags: Aggiungi Tag
Nessun Tag, puoi essere il primo ad aggiungerne! !
Thư viện lưu trữ: Mạng thư viện Đại học Đà Nẵng
LEADER 00400nam a22001691a 4500
001 000040463
003 16758
005 20160412023221.0
008 160412s0 000
082 |a A23133 
245 |a Why i am an catholie  |c Gamy Will 
OWN |a LNN 
999 |a From the UDN01 
TYP |a Monograph 
980 |a Mạng thư viện Đại học Đà Nẵng